Kỹ thuật xử lý tín hiệu điều khiển

Enregistré dans:
Détails bibliographiques
Format: Livre
Langue:Vietnamese
Publié: Giáo Dục 2014
Sujets:
Tags: Ajouter un tag
Pas de tags, Soyez le premier à ajouter un tag!
Thư viện lưu trữ: Mạng thư viện Đại học Đà Nẵng
LEADER 01000nam a2200301 a 4500
001 000001810
003 02938
005 20171229145311.0
008 171229s2014 vie
040 |a LSK 
041 0 |a VIE 
082 0 |a 621.382  |b PH-T 
245 0 0 |a Kỹ thuật xử lý tín hiệu điều khiển  |c Phạm Ngọc Thắng chủ biên; Đoàn Văn Tuấn 
260 |b Giáo Dục  |c 2014 
300 |a 299 pages  |c 24 cm. 
653 |a Điện tử 
852 |a Phòng Đọc - Phòng Mượn 
901 |a 5 
927 |a Sách chuyên khảo 
OWN |a LSK 
AVA |a UDN50  |b LSK  |d 621.382 PH-T  |e available  |t Error 5001 Not defined in file expand_doc_bib_avail.  |f 5  |g 0  |h N  |i 0  |k 1 
999 |a From the UDN01 
AVA |a UDN50  |b LSK  |d 621.382 PH-T  |e available  |t Error 5001 Not defined in file expand_doc_bib_avail.  |f 5  |g 0  |h N  |i 0  |k 1 
TYP |a Monograph 
TYP |a Printed language 
980 |a Mạng thư viện Đại học Đà Nẵng